| 000 | 00522cam a22002051 4500 | ||
|---|---|---|---|
| 001 | sa 65003035 | ||
| 003 | DLC | ||
| 005 | 20260227112120.0 | ||
| 008 | 881028s1964 xx 000 0 beno | ||
| 010 | _asa 65003035 | ||
| 035 | _a(OCoLC)23577346 | ||
| 040 |
_aDLC _cMiU _dDLC |
||
| 042 | _apremarc | ||
| 050 | 0 | 0 |
_aPK1717.R3 _bA7 |
| 100 | 1 |
_aJalila, Ālamagīra, _d1928- |
|
| 245 | 1 | 0 | _aRājaśāhīra chaṛā. |
| 260 | _c[1964] | ||
| 300 |
_a75, 85 p. _c24 cm. |
||
| 650 | 0 |
_aIndic poetry _zIndia _zRajshahi (District) |
|
| 999 |
_c62935 _d62935 |
||